|
|
|
|
| LEADER |
01119ppm a22003258a 4500 |
| 001 |
00030001 |
| 005 |
20171026081023.0 |
| 008 |
121207s2012 ||||||engsd |
| 041 |
0 |
# |
|a eng
|
| 082 |
1 |
4 |
|b M435A
|a 796.815
|
| 100 |
1 |
# |
|a Huynh, Nguyen Kim Ngan
|
| 245 |
0 |
0 |
|a Motivations and constraints of students to participate in Karate-Do club at Dong Thap university
|c Huyng Nguyen Kim Ngan; Mark Lin, Wen Long (hướng dẫn)
|
| 260 |
# |
# |
|a TPHCM
|b [kxd]
|c 2012
|
| 300 |
# |
# |
|e 1 CD
|a 66 tr.
|c 30 cm.
|
| 500 |
# |
# |
|a ĐTTS ghi: National Taiwan university of physical education and sport. Department of sport managemant
|
| 653 |
# |
# |
|a Khó khăn
|
| 653 |
# |
# |
|a Karate
|
| 653 |
# |
# |
|a Luận văn
|
| 653 |
# |
# |
|a Đại học Đồng Tháp
|
| 653 |
# |
# |
|a Thuận lợi
|
| 653 |
# |
# |
|a Sinh viên
|
| 700 |
1 |
# |
|a Lin, Mark
|e Hướng dẫn
|
| 700 |
1 |
# |
|a Long, Wen
|e Hướng dẫn
|
| 852 |
# |
# |
|j LV.0000220
|
| 852 |
# |
# |
|b Kho đọc SĐH
|j LV.0000220
|
| 910 |
|
|
|d 07/12/2012
|
| 980 |
# |
# |
|a Trung tâm Học liệu Lê Vũ Hùng, Trường Đại học Đồng Tháp
|